ბათუმის შოთა რუსთაველის სახელმწიფო უნივერსიტეტის ბიბლიოთეკა

ქართული ენა და სამყარო (ბიბ.ჩანაწერი № 51233)

000 -LEADER
fixed length control field 00959nam a2200253Ia 4500
001 - CONTROL NUMBER
control field 18193
003 - CONTROL NUMBER IDENTIFIER
control field GE_BSU
008 - FIXED-LENGTH DATA ELEMENTS--GENERAL INFORMATION
fixed length control field 181216s||||||||xx |||||||||||||| ||und||
020 ## - INTERNATIONAL STANDARD BOOK NUMBER
International Standard Book Number 99940-62-40-9
040 ## - CATALOGING SOURCE
Transcribing agency GE_BSU
080 ## - UNIVERSAL DECIMAL CLASSIFICATION NUMBER
Universal Decimal Classification number 811.353.1 + 502
245 ## - TITLE STATEMENT
Title ქართული ენა და სამყარო
245 ## - TITLE STATEMENT
Statement of responsibility, etc. შემდგ.:გორდელაძე, ნინო. რედ. სვიმონიშვილი, ამირან
260 ## - PUBLICATION, DISTRIBUTION, ETC.
Place of publication, distribution, etc. თბილისი
260 ## - PUBLICATION, DISTRIBUTION, ETC.
Name of publisher, distributor, etc. თანამედროვეობა და მემკვიდრეობა
260 ## - PUBLICATION, DISTRIBUTION, ETC.
Date of publication, distribution, etc. 2006
300 ## - PHYSICAL DESCRIPTION
Extent 351გვ. ; 28სმ.
300 ## - PHYSICAL DESCRIPTION
Accompanying material საძიებელი გვ.: 323-348
520 ## - SUMMARY, ETC.
Summary, etc. შენიშვნ.: გვ.321-322
653 ## - INDEX TERM--UNCONTROLLED
Uncontrolled term ქართული ენა და სამყარო
653 ## - INDEX TERM--UNCONTROLLED
Uncontrolled term ქართული ენა; სამყარო
942 ## - ADDED ENTRY ELEMENTS (KOHA)
Koha item type წიგნი
ეგზემპლარები
Withdrawn status Lost status Damaged status Not for loan Date acquired Barcode Date last seen Price effective from Koha item type
        2018-12-17 46369 2018-12-17 2018-12-17 წიგნი